Capitales mondiales les plus proches de Mascate - Statistiques

Statistiques générales
  • Ce quiz a été pris 46 fois
  • Le résultat moyen est 13 sur 20
Statistiques - réponses
km capitale % Correct
1191 Riyad
95%
1503 Téhéran
91%
418 Abou Dabi
88%
719 Doha
88%
1740 Bagdad
81%
1217 Koweït
81%
1954 New Delhi
81%
1747 Sanaa
81%
1816 Islamabad
74%
2392 Amman
72%
1602 Kaboul
67%
840 Manama
67%
2098 Djibouti
63%
2233 Asmara
56%
2210 Tachkent
47%
1595 Achgabat
42%
1927 Douchanbé
40%
2030 Bakou
37%
2257 Erevan
30%
2374 Tbilissi
21%
Aucun quiz correspondant
Distribution des résultats
% des personnes avec chaque résultat
Percentile par nombre de réponses
Votre historique - résultats
Vous n’avez pas pris ce quiz